แสดงรายละเอียดบรรณานุกรม
  กลับหน้าหลัก

Brief Record : Get Marc (ISO 2709) : E-mail record : QR code ปิดหน้าต่าง
การดูแลแผลฝีเย็บในระยะคลอดและหลังคลอด Review โดย
ใช้งานได้ทุกระบบ
ห้องสมุด วพบ.ขอนแก่น
ใช้งานได้ทุกระบบ เมื่อ8/สิงหาคม/2559
สารบัญ
  • บทที่ 1 : ความรู้เกี่ยวกับฝีเย็บ
  • บทที่ 2 : การบาดเจ็บของฝีเย็บในระยะคลอด
  • บทที่ 3 : การตัดฝีเย็บในระยะคลอด
  • บทที่ 4 : การเย็บซ่อมแซมแผลฝีเย็บในระยะคลอด
  • บทที่ 5 : การดูแลฝีเย็บในระยะคลอด
  • บทที่ 6 : การดูแลแผลฝีเย็บในระยะคลอด

E-books : เกี่ยวกับ Collections
LEADER 00000nam 2200000uu 4500
001    210508
003     ULIBM
008    020711s2557 th a 000 0 tha d
020    978-616-223-346-3
060  4 WQ 400 ส344ก 2557
100    สร้อย อนุสรณ์ธีรกุล
245    การดูแลแผลฝีเย็บในระยะคลอดและหลังคลอด/^cสร้อย อนุสรณ์ธีรกุล.
246 00 ^aPerineal care during childirth and postpartum period
250    พิมพ์ครั้งที่ 1
260    ขอนแก่น :^bโรงพิมพ์มหาวิทยาลัยขอนแก่น,^c2557.
300    ก-จ,154 หน้า :^bภาพประกอบ ;^c24 ซม.
500    ^aทุนสนับสนุนการผลิตตำรา มหาวิทยาลัยขอนแก่น ;^vลำดับที่ 84
650  4 การคลอด
650  4 ^aฝีเย็บ
650  4 ^aการเย็บ (การแพทย์)
650  4 ^aการดูแลภายหลังคลอด
710 2  ^aมหาวิทยาลัยขอนแก่น. คณะพยาบาลศาสตร์.
710 2  ^aมหาวิทยาลัยขอนแก่น.สำนักนวัตกรรมการเรียนการสอน. ฝ่ายวิชาการและเทคโนโลยีสารสนเทศ.
999    ^aใช้งานได้ทุกระบบ
รายการนี้ยังไม่มีแท็ก
คุณยังไม่ได้ล็อกอิน คุณสามารถมีกิจกรรมร่วมกับเว็บไซต์ได้ แต่ต้องล็อกอินก่อน ::
  ล็อกอิน
ลำดับที่ ประเภท เลขเรียก สถานที่ สถานะ
1. การพยาบาล (ตำราหลัก)
การพยาบาล (ตำราหลัก)
WQ 400 ส344ก 2557 ฉ.1 
  
การพยาบาลมารดาทารก On Shelf
  ขอยืม
Note:งบประมาณปี 2558
2. การพยาบาล (ตำราหลัก)
การพยาบาล (ตำราหลัก)
WQ 400 ส344ก 2557 ฉ.2 
  
การพยาบาลมารดาทารก On Shelf
  ขอยืม
Note:งบประมาณปี 2558
3. การพยาบาล (ตำราหลัก)
การพยาบาล (ตำราหลัก)
WQ 400 ส344ก 2557 ฉ.3 
  
การพยาบาลมารดาทารก On Shelf
  ขอยืม
Note:งบประมาณปี 2558
4. การพยาบาล (ตำราหลัก)
การพยาบาล (ตำราหลัก)
WQ 400 ส344ก 2557 ฉ.4 
  
การพยาบาลมารดาทารก On Shelf
  ขอยืม
Note:งบประมาณปี 2558
5. การพยาบาล (ตำราหลัก)
การพยาบาล (ตำราหลัก)
WQ 400 ส344ก 2557 ฉ.5 
  
การพยาบาลมารดาทารก On Shelf
  ขอยืม
Note:งบประมาณปี 2558
6. การพยาบาล (ตำราหลัก)
การพยาบาล (ตำราหลัก)
WQ 400 ส344ก 2557 ฉ.6 
  
การพยาบาลมารดาทารก On Shelf
  ขอยืม
Note:งบประมาณปี 2558
7. การพยาบาล (ตำราหลัก)
การพยาบาล (ตำราหลัก)
WQ 400 ส344ก 2557 ฉ.7 
  
การพยาบาลมารดาทารก On Shelf
  ขอยืม
Note:งบประมาณปี 2558
8. การพยาบาล (ตำราหลัก)
การพยาบาล (ตำราหลัก)
สถานะ=หนังสือเก่า - บริการ ณ ห้องสมุด (ห้องเหลือง)
WQ 400 ส344ก 2557 ฉ.8 
  
ห้องสมุด หอพักนักศึกษา (ห้องเหลือง) On Shelf
  ขอยืม
Note:งบประมาณปี 2558
9. การพยาบาล (ตำราหลัก)
การพยาบาล (ตำราหลัก)
WQ 400 ส344ก 2557 ฉ.9 
  
การพยาบาลมารดาทารก On Shelf
  ขอยืม
Note:งบประมาณปี 2558
10. การพยาบาล (ตำราหลัก)
การพยาบาล (ตำราหลัก)
WQ 400 ส344ก 2557 ฉ.10 
  
การพยาบาลมารดาทารก On Shelf
  ขอยืม
Note:งบประมาณปี 2558
11. การพยาบาล (ตำราหลัก)
การพยาบาล (ตำราหลัก)
สถานะ=หนังสือเก่า - บริการ ณ ห้องสมุด (ห้องเหลือง)
WQ 400 ส344ก 2557 ฉ.11 
  
ห้องสมุด หอพักนักศึกษา (ห้องเหลือง) On Shelf
  ขอยืม
Note:งบประมาณปี 2558
12. การพยาบาล (ตำราหลัก)
การพยาบาล (ตำราหลัก)
สถานะ=หนังสือเก่า - บริการ ณ ห้องสมุด (ห้องเหลือง)
WQ 400 ส344ก 2557 ฉ.12 
  
ห้องสมุด หอพักนักศึกษา (ห้องเหลือง) On Shelf
  ขอยืม
Note:งบประมาณปี 2558
  1 2 3 [3]   [แสดง 12/25 รายการ]

รายการใกล้เคียง
    หัวเรื่อง [การคลอด]
    หัวเรื่อง [ฝีเย็บ]
    หัวเรื่อง [การดูแลภายหลังคลอด]

BibComment


ยังไม่เคยถูกคอมเมนท์

คอมเมนท์ทรัพยากรรายการนี้
  คอมเมนท์: การดูแลแผลฝีเย็บใ..
Bib 210508

 
 
 

 Union Library Management : ULibM
Copyright 2026. All Rights Reserved.
скачать бесплатно без регистрации порно красивый секс HD Sex Hindi sex

xxx gou

xxxx

bfxxx

xxxwww

Секса Видео

xxxx

Секса Видео

detube

geilexxx

C99 Shell

worms shell

blod xxx video
Ebony Coed Rihanna Rimes Takes A Dick In Her Young Twat priyaa indian fuck anal and pusssy hardcore indian women xxx desi hardcore fucking part 1 bengalixxxcouple